Maiores Cidades do Pará - Statistics

Estatísticas Gerais
  • Esse quiz foi jogado 1 134 vezes
  • A pontuação média é 10 de 20
Respostas no mapa
Respostas codificadas por cores de uma escala verde-vermelha no mapa do quiz de acordo com a % correta abaixo.
 
Estatísticas das Respostas
População Cidade % Correto
1,486,810 Belém
99%
224,510 Santarém
80%
534,230 Ananindeua
74%
226,030 Marabá
73%
98,430 Altamira
65%
180,040 Castanhal
55%
192,460 Parauapebas
53%
89,560 Paragominas
47%
82,680 Bragança
46%
65,260 São Félix do Xingu
45%
132,300 Marituba
42%
109,590 Tucuruí
39%
93,570 Abaetetuba
36%
60,910 Cametá
36%
73,510 Itaituba
33%
80,680 Tailândia
32%
51,950 Santa Izabel do Pará
30%
79,340 Redenção
29%
55,350 Capanema
28%
53,230 Jacundá
17%
Nenhum quiz correspondente encontrado
Distribuição das Pontuações
Porcentagem de Pessoas com Cada Pontuação
Percentil de Números Respondidos
Sua Pontuação Histórica
Você não jogou esse quiz